[Event "Titled Tuesday intern op 25th Oct Early"]
[Site "Chess.com INT"]
[Date "2022.10.25"]
[Round "11"]
[White "Kozak, Antoni"]
[Black "Seliverstov, Vladimir"]
[Result "1-0"]
[WhiteElo "2440"]
[BlackElo "2462"]
[PlyCount "69"]
[EventDate "2022.10.25"]
[EventType "swiss (blitz)"]
[EventRounds "11"]
[EventCountry "USA"]
[SourceTitle "EXT 2024"]
[Source "ChessBase"]
[SourceDate "2023.10.10"]
[SourceVersion "1"]
[SourceVersionDate "2023.10.10"]
[SourceQuality "1"]

1. Nf3 g6 2. c4 Bg7 3. Nc3 d6 4. d4 Nf6 5. e4 0-0 6. h3 a6 7. Bd3 c5 8. 0-0 cxd4 9. Nxd4 Nc6 10. Nc2 Ne5 11. Be2 Be6 12. f4 Nc6 13. Be3 Rc8 14. b4 Nh5 15. Qe1 Ng3 16. Qxg3 Bxc3 17. Rab1 Bg7 18. Rfd1 Nb8 19. c5 Bxa2 20. Rbc1 Qe8 21. Nd4 dxc5 22. bxc5 Nc6 23. Nf3 Rd8 24. e5 Bb3 25. Rf1 Bd5 26. h4 Qd7 27. h5 Qf5 28. Ng5 h6 29. Nf3 gxh5 30. Nh4 Qe4 31. f5 Nxe5 32. Rf4 Ng4 33. Rxe4 Bxe4 34. Bxg4 hxg4 35. Qxg4 1-0

[Event "Titled Tuesday intern op 25th Oct Early"]
[Site "Chess.com INT"]
[Date "2022.10.25"]
[Round "7"]
[White "Seliverstov, Vladimir"]
[Black "Krysa, Leandro Sergio"]
[Result "1-0"]
[WhiteElo "2462"]
[BlackElo "2524"]
[PlyCount "73"]
[EventDate "2022.10.25"]
[EventType "swiss (blitz)"]
[EventRounds "11"]
[EventCountry "USA"]
[SourceTitle "EXT 2024"]
[Source "ChessBase"]
[SourceDate "2023.10.10"]
[SourceVersion "1"]
[SourceVersionDate "2023.10.10"]
[SourceQuality "1"]

1. d4 g6 2. c4 Bg7 3. g3 c5 4. d5 b5 5. cxb5 a6 6. bxa6 Bxa6 7. Bg2 d6 8. Nf3 Nf6 9. 0-0 Nbd7 10. Re1 0-0 11. e4 Ng4 12. Bf1 Bxf1 13. Kxf1 Qa5 14. Kg2 Rfb8 15. Qc2 Nge5 16. Bd2 Qa6 17. Nxe5 Nxe5 18. Bc3 Qd3 19. Qxd3 Nxd3 20. Re2 Nc1 21. Re3 Nb3 22. Bxg7 Nxa1 23. Bc3 Rxa2 24. Na3 Nb3 25. e5 Nd4 26. exd6 exd6 27. Nc4 Nf5 28. Re4 h5 29. h3 Ra4 30. Nxd6 Rxe4 31. Nxe4 Rd8 32. g4 hxg4 33. hxg4 Nd4 34. b4 Kf8 35. bxc5 Rxd5 36. Nf6 Ne2 37. Nxd5 1-0

[Event "Titled Tuesday intern op 30th Aug Early"]
[Site "Chess.com INT"]
[Date "2022.08.30"]
[Round "3"]
[White "Seliverstov, Vladimir"]
[Black "Averjanov, Alexey"]
[Result "1-0"]
[WhiteElo "2462"]
[BlackElo "2399"]
[PlyCount "35"]
[EventDate "2022.08.30"]
[EventType "swiss (blitz)"]
[EventRounds "11"]
[EventCountry "USA"]
[SourceTitle "EXT 2023"]
[Source "ChessBase"]
[SourceDate "2022.10.05"]
[SourceVersion "1"]
[SourceVersionDate "2022.10.05"]
[SourceQuality "1"]

1. d4 d5 2. Bf4 Nf6 3. e3 e6 4. Nf3 c5 5. Nc3 Bd6 6. Ne5 a6 7. Qf3 Nc6 8. 0-0-0 Qc7 9. Nxc6 Qxc6 10. Be5 Be7 11. Qg3 0-0 12. e4 dxe4 13. d5 Nh5 14. dxc6 Nxg3 15. hxg3 bxc6 16. Nxe4 f6 17. Bd6 Bxd6 18. Rxd6 1-0

[Event "Titled Tuesday intern op 16th Aug Early"]
[Site "Chess.com INT"]
[Date "2022.08.16"]
[Round "4"]
[White "Seliverstov, Vladimir"]
[Black "Chen, Justin"]
[Result "0-1"]
[WhiteElo "2462"]
[BlackElo "2324"]
[PlyCount "100"]
[EventDate "2022.08.16"]
[EventType "swiss (blitz)"]
[EventRounds "11"]
[EventCountry "USA"]
[SourceTitle "EXT 2023"]
[Source "ChessBase"]
[SourceDate "2022.10.05"]
[SourceVersion "1"]
[SourceVersionDate "2022.10.05"]
[SourceQuality "1"]

1. d4 Nf6 2. Bf4 d5 3. e3 c5 4. Nc3 cxd4 5. exd4 Bg4 6. Qd2 Nc6 7. h3 Bh5 8. g4 Bg6 9. Bg2 e6 10. a3 a6 11. Nge2 Bd6 12. 0-0 0-0 13. Bxd6 Qxd6 14. Ng3 Rac8 15. f4 Na5 16. Qf2 h6 17. f5 exf5 18. Nxf5 Bxf5 19. Qxf5 Nc4 20. Rae1 Nxb2 21. Nxd5 Nxd5 22. Bxd5 Qg3+ 23. Bg2 Nc4 24. Re7 Ne3 25. Qe4 Rxc2 26. Qxc2 Nxc2 27. Rf3 Qd6 28. Rxb7 Nxd4 29. Rf2 Ne6 30. a4 Qd1+ 31. Kh2 Qxa4 32. Kg1 Qa1+ 33. Rf1 Qe5 34. Kh1 Nf4 35. Ra7 Nxg2 36. Kxg2 Qd5+ 37. Kh2 Re8 38. Rf2 Qe5+ 39. Kg2 Qd5+ 40. Kh2 Qd6+ 41. Kg1 Re7 42. Ra8+ Kh7 43. Rc8 Re1+ 44. Kg2 Qd5+ 45. Kg3 Rg1+ 46. Kf4 Qd4+ 47. Kf3 Qd5+ 48. Kf4 Qd6+ 49. Kf3 Qf6+ 50. Ke2 Qe6+ 0-1

[Event "Titled Tuesday intern op 16th Aug Early"]
[Site "Chess.com INT"]
[Date "2022.08.16"]
[Round "2"]
[White "Seliverstov, Vladimir"]
[Black "Matveev, Vladimir1111"]
[Result "1-0"]
[WhiteElo "2462"]
[BlackElo "2359"]
[PlyCount "83"]
[EventDate "2022.08.16"]
[EventType "swiss (blitz)"]
[EventRounds "11"]
[EventCountry "USA"]
[SourceTitle "EXT 2023"]
[Source "ChessBase"]
[SourceDate "2022.10.05"]
[SourceVersion "1"]
[SourceVersionDate "2022.10.05"]
[SourceQuality "1"]

1. d4 Nf6 2. c4 g6 3. Nc3 Bg7 4. e4 0-0 5. f3 d6 6. Nge2 Nc6 7. Be3 Rb8 8. Qd2 a6 9. Ng3 e5 10. d5 Nd4 11. Nge2 Nxe2 12. Bxe2 Nh5 13. 0-0 f5 14. exf5 gxf5 15. Bg5 Qe8 16. Bh6 Qg6 17. Bxg7 Nf4 18. g3 Kxg7 19. Kh1 Nh3 20. f4 Kh8 21. Qe3 Re8 22. Rae1 Bd7 23. Bd1 c5 24. fxe5 Rxe5 25. Qd2 Rbe8 26. Rxe5 Rxe5 27. Bf3 b5 28. b3 b4 29. Ne2 a5 30. Bg2 Ng5 31. Nf4 Qf6 32. a3 Be8 33. axb4 axb4 34. Qa2 Bg6 35. Qa7 Re7 36. Qb6 Qe5 37. Nd3 Qe3 38. Qxd6 Ne4 39. Bxe4 Qxe4+ 40. Kg1 Qd4+ 41. Nf2 Re2 42. Qf8# 1-0

[Event "Titled Tuesday intern op 09th Aug Early"]
[Site "Chess.com INT"]
[Date "2022.08.09"]
[Round "1"]
[White "Seliverstov, Vladimir"]
[Black "Musovic, Armin"]
[Result "1-0"]
[WhiteElo "2462"]
[BlackElo "2312"]
[PlyCount "111"]
[EventDate "2022.08.09"]
[EventType "swiss (blitz)"]
[EventRounds "11"]
[EventCountry "USA"]
[SourceTitle "EXT 2023"]
[Source "ChessBase"]
[SourceDate "2022.10.05"]
[SourceVersion "1"]
[SourceVersionDate "2022.10.05"]
[SourceQuality "1"]

1. d4 d5 2. Bf4 c5 3. e3 Nc6 4. Nc3 a6 5. Nf3 Bg4 6. dxc5 e5 7. h3 Bxf3 8. Qxf3 exf4 9. 0-0-0 Nf6 10. Nxd5 Bxc5 11. Bc4 0-0 12. Qxf4 Nxd5 13. Rxd5 Qb6 14. Rd7 Kh8 15. Rxf7 Rxf7 16. Qxf7 Rf8 17. Qd5 Nb4 18. Qe4 Rxf2 19. Bb3 Qc6 20. Qh4 Qxg2 21. Qd8+ Rf8 22. Qd1 Bxe3+ 23. Kb1 Qd2 24. Qg4 Bh6 25. Rd1 Qf4 26. Qd7 Nc6 27. Qxb7 Nd4 28. Qxa6 Qf3 29. Rg1 Qxh3 30. Qc4 Nxb3 31. axb3 g6 32. b4 Rc8 33. Qe4 Bg7 34. b5 Qf5 35. Qxf5 gxf5 36. Rf1 Rf8 37. c4 Bd4 38. Kc2 f4 39. b4 f3 40. Kd3 Ba7 41. c5 Kg7 42. b6 Bb8 43. c6 h5 44. b5 Rc8 45. Rxf3 Be5 46. Ke4 Re8 47. Kd5 h4 48. c7 Bg3 49. Kc6 Re6+ 50. Kd7 Rd6+ 51. Ke7 Rxb6 52. c8Q Rxb5 53. Qg4+ Kh6 54. Rf6+ Kh7 55. Qg6+ Kh8 56. Rf8# 1-0

[Event "Titled Tuesday intern op 28th Jun Early"]
[Site "Chess.com INT"]
[Date "2022.06.28"]
[Round "3"]
[White "Barp, Alberto"]
[Black "Seliverstov, Vladimir"]
[Result "0-1"]
[WhiteElo "2396"]
[BlackElo "2462"]
[PlyCount "80"]
[EventDate "2022.06.28"]
[EventType "swiss (blitz)"]
[EventRounds "11"]
[EventCountry "USA"]
[SourceTitle "CBM 209 Extra"]
[Source "ChessBase"]
[SourceDate "2022.09.30"]
[SourceVersion "1"]
[SourceVersionDate "2022.09.30"]
[SourceQuality "1"]

1. d4 d5 2. Nf3 Nf6 3. Bf4 c5 4. e3 Nc6 5. Nbd2 e6 6. c3 Nh5 7. Bg5 f6 8. Bh4 g6 9. Be2 Be7 10. 0-0 0-0 11. c4 cxd4 12. exd4 Nf4 13. cxd5 Nxe2+ 14. Qxe2 Qxd5 15. Rfd1 g5 16. Bg3 g4 17. Ne1 f5 18. Nb3 f4 19. Qxg4+ Kh8 20. Bxf4 e5 21. Bxe5+ Nxe5 22. dxe5 Qxb3 23. Qxc8 Qb6 24. Qc2 Rxf2 25. Qxf2 Bc5 26. Qxc5 Qxc5+ 27. Kh1 Qxe5 28. Nd3 Qg7 29. Nf4 Qxb2 30. Rab1 Qxa2 31. Rxb7 Qa4 32. Rf1 Qc4 33. Kg1 Qc5+ 34. Kh1 Qc4 35. Kg1 a5 36. g3 a4 37. Nh3 a3 38. Rff7 Qd4+ 39. Nf2 a2 40. Rxh7+ Kg8 0-1

[Event "Titled Tuesday intern op 28th Jun Early"]
[Site "Chess.com INT"]
[Date "2022.06.28"]
[Round "5"]
[White "Xiong, Jeffery"]
[Black "Seliverstov, Vladimir"]
[Result "1-0"]
[WhiteElo "2688"]
[BlackElo "2462"]
[PlyCount "43"]
[EventDate "2022.06.28"]
[EventType "swiss (blitz)"]
[EventRounds "11"]
[EventCountry "USA"]
[SourceTitle "CBM 209 Extra"]
[Source "ChessBase"]
[SourceDate "2022.09.30"]
[SourceVersion "1"]
[SourceVersionDate "2022.09.30"]
[SourceQuality "1"]

1. d4 d5 2. c4 c6 3. Nf3 Nf6 4. Nc3 dxc4 5. a4 Bg4 6. Ne5 Bh5 7. Nxc4 e6 8. g3 Bb4 9. Bg2 Nd5 10. Bd2 Nb6 11. Qb3 Qxd4 12. Qxb4 Qxc4 13. Qa3 Na6 14. 0-0 0-0-0 15. Ne4 Qxe2 16. Bf4 Nc4 17. Qc3 Qxb2 18. Qxc4 Be2 19. Qc1 Qxc1 20. Rfxc1 Rd7 21. Nd6+ Kd8 22. Rab1 1-0

[Event "Titled Tuesday intern op 25th Jan"]
[Site "Chess.com INT"]
[Date "2022.01.25"]
[Round "1"]
[White "Jacobson, Aaron"]
[Black "Seliverstov, Vladimir"]
[Result "1-0"]
[WhiteElo "2270"]
[BlackElo "2462"]
[PlyCount "47"]
[EventDate "2022.01.25"]
[EventType "swiss (blitz)"]
[EventRounds "11"]
[EventCountry "USA"]
[SourceTitle "CBM 206 Extra"]
[Source "ChessBase"]
[SourceDate "2022.03.31"]
[SourceVersion "1"]
[SourceVersionDate "2022.03.31"]
[SourceQuality "1"]

1. e4 g6 2. d4 Bg7 3. Nc3 d6 4. f4 a6 5. Nf3 b5 6. Bd3 Nd7 7. e5 c5 8. Be4 Rb8 9. 0-0 cxd4 10. Nxd4 dxe5 11. Nc6 Qb6+ 12. Kh1 Ngf6 13. Nxb8 Qxb8 14. fxe5 Nxe5 15. Bf4 0-0 16. Qe1 Nxe4 17. Qxe4 Bb7 18. Qe2 Rc8 19. Rae1 Rc5 20. Qf2 Rc8 21. Bxe5 Bxe5 22. Qxf7+ Kh8 23. Qxe7 Bg7 24. Rf7 1-0

[Event "Titled Tuesday intern op 04th Jan"]
[Site "Chess.com INT"]
[Date "2022.01.04"]
[Round "1"]
[White "Seliverstov, Vladimir"]
[Black "Chen, Justin"]
[Result "1-0"]
[WhiteElo "2462"]
[BlackElo "2322"]
[PlyCount "35"]
[EventDate "2022.01.04"]
[EventType "swiss (blitz)"]
[EventRounds "11"]
[EventCountry "USA"]
[SourceTitle "EXT 2023"]
[Source "ChessBase"]
[SourceDate "2022.10.05"]
[SourceVersion "1"]
[SourceVersionDate "2022.10.05"]
[SourceQuality "1"]

1. c4 b6 2. d4 Bb7 3. Nc3 Nf6 4. Qc2 d5 5. Nf3 e6 6. Bg5 dxc4 7. e4 Nbd7 8. Bxc4 Be7 9. 0-0-0 h6 10. Bf4 a6 11. e5 Nh7 12. Ne4 b5 13. Bd3 Qc8 14. Nc5 Nxc5 15. dxc5 Ng5 16. c6 Nxf3 17. cxb7 Qxb7 18. Be4 1-0

[Event "Titled Tuesday intern op 14th Dec"]
[Site "Chess.com INT"]
[Date "2021.12.14"]
[Round "4"]
[White "Seliverstov, Vladimir"]
[Black "Chigaev, Maksim"]
[Result "1/2-1/2"]
[WhiteElo "2462"]
[BlackElo "2632"]
[PlyCount "79"]
[EventDate "2021.12.14"]
[EventType "swiss (blitz)"]
[EventRounds "11"]
[EventCountry "USA"]
[SourceTitle "EXT 2023"]
[Source "ChessBase"]
[SourceDate "2022.10.05"]
[SourceVersion "1"]
[SourceVersionDate "2022.10.05"]
[SourceQuality "1"]

1. c4 e6 2. g3 d5 3. Bg2 Nf6 4. Nf3 Be7 5. 0-0 0-0 6. b3 b6 7. Bb2 Bb7 8. Nc3 c5 9. cxd5 Nxd5 10. Rc1 Nd7 11. d4 Rc8 12. dxc5 Nxc5 13. Ne5 Nxc3 14. Bxc3 Bxg2 15. Kxg2 Bf6 16. Qxd8 Rfxd8 17. Nf3 Bxc3 18. Rxc3 Ne4 19. Rxc8 Rxc8 20. Rd1 Nf6 21. Ne5 Kf8 22. Nd7+ Ke7 23. Nxf6 Kxf6 24. Rd7 Rc2 25. Rxa7 Rxe2 26. Ra6 b5 27. Kf3 Rb2 28. Ke3 g5 29. g4 Kg6 30. h3 h5 31. Ra5 h4 32. Kf3 b4 33. Ra4 Rc2 34. Rxb4 Rxa2 35. Rb8 Rb2 36. Rb7 Kf6 37. Kg2 Kg7 38. Kf3 Kg6 39. Rb6 Kf6 40. Rb7 1/2-1/2

[Event "Titled Tuesday intern op 05th Oct"]
[Site "Chess.com INT"]
[Date "2021.10.05"]
[Round "3"]
[White "Seliverstov, Vladimir"]
[Black "Iskusnyh, Sergei"]
[Result "1-0"]
[WhiteElo "2462"]
[BlackElo "2473"]
[PlyCount "109"]
[EventDate "2021.10.05"]
[EventType "swiss (blitz)"]
[EventRounds "11"]
[EventCountry "USA"]
[SourceTitle "CBM 204 Extra"]
[Source "ChessBase"]
[SourceDate "2021.11.30"]
[SourceVersion "1"]
[SourceVersionDate "2021.11.30"]
[SourceQuality "1"]

1. d4 d5 2. Bf4 Nf6 3. e3 c5 4. Nc3 cxd4 5. exd4 a6 6. Nf3 Bg4 7. h3 Bxf3 8. Qxf3 Nc6 9. 0-0-0 e6 10. g4 Bd6 11. g5 Bxf4+ 12. Qxf4 Nd7 13. h4 Qb8 14. Qg4 Qc7 15. h5 0-0-0 16. Bg2 g6 17. Rh3 Nb6 18. hxg6 hxg6 19. Rxh8 Rxh8 20. Nxd5 Nxd5 21. Bxd5 Rd8 22. Bg2 Kb8 23. c3 Ne7 24. Rh1 Nf5 25. Kb1 Qc4 26. Qe4 Rd5 27. Qf4+ Rd6 28. Be4 Qc7 29. Rh8+ Ka7 30. Qe5 Qc4 31. Qc5+ Qxc5 32. dxc5 Rd2 33. f3 Ne3 34. b4 Nd1 35. Kc1 Rd7 36. Kc2 Ne3+ 37. Kb3 Nf1 38. Rf8 Nd2+ 39. Kc2 Nf1 40. a4 Ne3+ 41. Kb3 Nd1 42. b5 axb5 43. axb5 Rd2 44. Rxf7 Rb2+ 45. Kc4 Ne3+ 46. Kd3 Nd5 47. Bxd5 exd5 48. c6 Rxb5 49. Rxb7+ Rxb7 50. cxb7 Kxb7 51. Kd4 Kc6 52. c4 dxc4 53. Kxc4 Kd6 54. Kd4 Ke6 55. Ke4 1-0

[Event "Titled Tuesday intern op 05th Oct"]
[Site "Chess.com INT"]
[Date "2021.10.05"]
[Round "4"]
[White "Seliverstov, Vladimir"]
[Black "Trent, Lawrence"]
[Result "1-0"]
[WhiteElo "2462"]
[BlackElo "2401"]
[PlyCount "59"]
[EventDate "2021.10.05"]
[EventType "swiss (blitz)"]
[EventRounds "11"]
[EventCountry "USA"]
[SourceTitle "CBM 204 Extra"]
[Source "ChessBase"]
[SourceDate "2021.11.30"]
[SourceVersion "1"]
[SourceVersionDate "2021.11.30"]
[SourceQuality "1"]

1. c4 b6 2. d4 Bb7 3. Nc3 f5 4. d5 Nf6 5. g3 e6 6. Bg2 Bb4 7. Bd2 0-0 8. Nh3 e5 9. 0-0 h6 10. e4 fxe4 11. Nxe4 Bxd2 12. Qxd2 d6 13. f4 Nxe4 14. Bxe4 Nd7 15. fxe5 Nxe5 16. Nf4 Qg5 17. Qc3 Rae8 18. Rae1 Bc8 19. b3 Bg4 20. h3 Bd7 21. Kh2 h5 22. Qc1 h4 23. g4 Bxg4 24. hxg4 Nxg4+ 25. Kh1 Qe5 26. Bh7+ Kxh7 27. Rxe5 Rxe5 28. Ne6 Nf2+ 29. Kg2 Re3 30. Qxe3 1-0

[Event "Titled Tuesday intern op 14th Sept"]
[Site "Chess.com INT"]
[Date "2021.09.14"]
[Round "1"]
[White "Daianu, Cristian Clement"]
[Black "Seliverstov, Vladimir"]
[Result "0-1"]
[WhiteElo "2169"]
[BlackElo "2462"]
[PlyCount "110"]
[EventDate "2021.09.14"]
[EventType "swiss (blitz)"]
[EventRounds "11"]
[EventCountry "USA"]
[SourceTitle "EXT 2022"]
[Source "ChessBase"]
[SourceDate "2021.10.06"]
[SourceVersion "1"]
[SourceVersionDate "2021.10.06"]
[SourceQuality "1"]

1. e4 g6 2. d4 Bg7 3. Nc3 d6 4. Be2 a6 5. h4 h5 6. Nf3 b5 7. Ng5 Bb7 8. Bf3 e6 9. Be3 Nd7 10. Qd2 Nb6 11. 0-0-0 Nc4 12. Qd3 Nxe3 13. Qxe3 Qe7 14. Kb1 Nh6 15. Be2 c5 16. dxc5 dxc5 17. f3 0-0 18. Rd2 Bc6 19. g4 Rad8 20. gxh5 Rxd2 21. Qxd2 Rd8 22. Qc1 gxh5 23. Rg1 Qf6 24. f4 b4 25. Nd1 Qd4 26. Ne3 Qd2 27. Bxh5 Qxc1+ 28. Kxc1 Kf8 29. Bxf7 Bd4 30. Nxe6+ Ke7 31. Nxd8 Bxe3+ 32. Kd1 Bxe4 33. Rg7 Bd4 34. Rg5 Nxf7 35. Nxf7 Kxf7 36. c3 bxc3 37. bxc3 Be3 38. Ke2 Bc1 39. Rxc5 Kf6 40. Ra5 Bb7 41. f5 Bf4 42. h5 Be5 43. h6 Bd6 44. Rd5 Bxd5 45. Kd3 Bxa2 46. Kd4 Bf8 47. c4 Bxh6 48. c5 Bf8 49. c6 Kxf5 50. c7 Be6 51. Kc3 Bc8 52. Kc4 Ke6 53. Kb3 Kd7 54. Ka4 Kxc7 55. Ka5 Kb7 0-1

[Event "Titled Tuesday intern op 14th Sept"]
[Site "Chess.com INT"]
[Date "2021.09.14"]
[Round "3"]
[White "Manukyan, Artyom"]
[Black "Seliverstov, Vladimir"]
[Result "0-1"]
[WhiteElo "2097"]
[BlackElo "2462"]
[PlyCount "82"]
[EventDate "2021.09.14"]
[EventType "swiss (blitz)"]
[EventRounds "11"]
[EventCountry "USA"]
[SourceTitle "EXT 2022"]
[Source "ChessBase"]
[SourceDate "2021.10.06"]
[SourceVersion "1"]
[SourceVersionDate "2021.10.06"]
[SourceQuality "1"]

1. e4 d5 2. exd5 Qxd5 3. Nf3 Nc6 4. d4 Bg4 5. Be2 0-0-0 6. c4 Qh5 7. d5 e6 8. Nc3 Nf6 9. Ng5 h6 10. Bxg4 Nxg4 11. Nxf7 exd5 12. Nxd8 Bc5 13. Nxc6 Bxf2+ 14. Kd2 bxc6 15. cxd5 Qf5 16. Qe2 Be3+ 17. Ke1 Re8 18. Rf1 Bf2+ 19. Rxf2 Qxf2+ 20. Kd1 Rxe2 21. Nxe2 Ne3+ 22. Bxe3 Qf1+ 23. Kd2 Qxa1 24. Bd4 Qxa2 25. dxc6 Qd5 26. g3 g5 27. Ke3 a5 28. Nc3 Qxc6 29. h4 Qg2 30. hxg5 Qxg3+ 31. Ke4 hxg5 32. Kd5 g4 33. Ne4 Qf3 34. Be5 Kd7 35. Kd4 Kc6 36. Bg3 a4 37. Be5 Kb5 38. Nc3+ Kb4 39. Ne4 Qd1+ 40. Ke3 Kb3 41. Kf4 Qf3+ 0-1

[Event "Titled Tuesday intern op 14th Sept"]
[Site "Chess.com INT"]
[Date "2021.09.14"]
[Round "2"]
[White "Seliverstov, Vladimir"]
[Black "Krallis, Christos"]
[Result "1-0"]
[WhiteElo "2462"]
[BlackElo "2429"]
[PlyCount "63"]
[EventDate "2021.09.14"]
[EventType "swiss (blitz)"]
[EventRounds "11"]
[EventCountry "USA"]
[SourceTitle "EXT 2022"]
[Source "ChessBase"]
[SourceDate "2021.10.06"]
[SourceVersion "1"]
[SourceVersionDate "2021.10.06"]
[SourceQuality "1"]

1. d4 Nf6 2. Bf4 d5 3. e3 e6 4. Nf3 c5 5. Nc3 a6 6. Ne5 Nbd7 7. Qf3 Be7 8. 0-0-0 0-0 9. g4 Nxe5 10. dxe5 Nd7 11. h4 b5 12. h5 Bb7 13. g5 Bxg5 14. Rg1 f6 15. Qg4 Qe7 16. Bh3 Rae8 17. h6 gxh6 18. Bh2 Nxe5 19. Bxe5 fxe5 20. f4 exf4 21. exf4 Rxf4 22. Qxf4 Qg7 23. Ne2 Kh8 24. Kb1 Bxf4 25. Rxg7 Kxg7 26. Nxf4 Kf6 27. Rf1 Ke5 28. Nxe6 d4 29. Nxc5 Bc6 30. Nxa6 Be4 31. Nc5 Kd5 32. Nxe4 1-0

[Event "Titled Tuesday intern op 07th Sept"]
[Site "Chess.com INT"]
[Date "2021.09.07"]
[Round "2"]
[White "Eynullayev, Atilla Elshan"]
[Black "Seliverstov, Vladimir"]
[Result "0-1"]
[WhiteElo "2325"]
[BlackElo "2462"]
[PlyCount "70"]
[EventDate "2021.09.07"]
[EventType "swiss (blitz)"]
[EventRounds "11"]
[EventCountry "USA"]
[SourceTitle "EXT 2022"]
[Source "ChessBase"]
[SourceDate "2021.10.06"]
[SourceVersion "1"]
[SourceVersionDate "2021.10.06"]
[SourceQuality "1"]

1. d4 Nf6 2. c4 g6 3. Nc3 Bg7 4. e4 0-0 5. Be2 d6 6. Be3 c5 7. d5 e6 8. Nf3 exd5 9. cxd5 Re8 10. Nd2 a6 11. a4 Nbd7 12. 0-0 Rb8 13. Qc2 Qc7 14. Kh1 b6 15. Rae1 Bb7 16. f4 Nxd5 17. Nxd5 Bxd5 18. Bxa6 Bc6 19. Bc4 Nf6 20. Bg1 d5 21. exd5 Nxd5 22. f5 Rxe1 23. Rxe1 Qd7 24. fxg6 hxg6 25. Rf1 Bxa4 26. b3 Bc6 27. Ne4 Re8 28. Ng5 Re7 29. Qf2 b5 30. Qh4 bxc4 31. Qh7+ Kf8 32. Bxc5 Nf4 33. Rxf4 Qd1+ 34. Bg1 Qd2 35. Qh4 Qxg2# 0-1

[Event "Titled Tuesday intern op 24th Aug"]
[Site "Chess.com INT"]
[Date "2021.08.24"]
[Round "2"]
[White "Seliverstov, Vladimir"]
[Black "Rodriguez, Santiago"]
[Result "1-0"]
[WhiteElo "2462"]
[BlackElo "2252"]
[PlyCount "59"]
[EventDate "2021.08.24"]
[EventType "swiss (blitz)"]
[EventRounds "11"]
[EventCountry "USA"]
[SourceTitle "EXT 2022"]
[Source "ChessBase"]
[SourceDate "2021.10.06"]
[SourceVersion "1"]
[SourceVersionDate "2021.10.06"]
[SourceQuality "1"]

1. d4 Nf6 2. Bf4 d5 3. e3 e6 4. Nf3 Bd6 5. Ne5 0-0 6. Bd3 c5 7. c3 Qc7 8. Nd2 Nbd7 9. Ndf3 Ne4 10. Qc2 f5 11. g4 cxd4 12. exd4 fxg4 13. Bxe4 dxe4 14. Ng5 Rxf4 15. Nxe6 Nxe5 16. Nxc7 Nd3+ 17. Kd1 Bxc7 18. Qb3+ Kh8 19. Rf1 Bf5 20. Qxb7 Rc8 21. Qxa7 Nxb2+ 22. Kc2 Nd3 23. Rab1 Nxf2 24. Rb5 Bg6 25. Qxc7 e3+ 26. Kb2 Nd3+ 27. Ka3 Ra8+ 28. Ra5 Rxa5+ 29. Qxa5 Rxf1 30. Qd8+ 1-0

[Event "Titled Tuesday intern op 24th Aug"]
[Site "Chess.com INT"]
[Date "2021.08.24"]
[Round "7"]
[White "Seliverstov, Vladimir"]
[Black "Sadhwani, Raunak"]
[Result "0-1"]
[WhiteElo "2462"]
[BlackElo "2579"]
[PlyCount "100"]
[EventDate "2021.08.24"]
[EventType "swiss (blitz)"]
[EventRounds "11"]
[EventCountry "USA"]
[SourceTitle "EXT 2022"]
[Source "ChessBase"]
[SourceDate "2021.10.06"]
[SourceVersion "1"]
[SourceVersionDate "2021.10.06"]
[SourceQuality "1"]

1. d4 d6 2. Bf4 g6 3. e3 Bg7 4. Nf3 Nd7 5. h3 e5 6. Bh2 Ne7 7. Nc3 0-0 8. Bc4 Nc6 9. 0-0 h6 10. a4 Kh7 11. a5 a6 12. dxe5 Ndxe5 13. Nxe5 Nxe5 14. Bb3 Be6 15. Nd5 Nd7 16. c3 Nf6 17. Re1 Rb8 18. e4 Nxd5 19. Bxd5 Qg5 20. Qf3 Be5 21. Bxe5 Qxe5 22. Rad1 c6 23. Bxe6 fxe6 24. Qe3 Rbd8 25. Qb6 Rd7 26. Re3 Rf4 27. Red3 Rxe4 28. Qa7 Re1+ 29. Rxe1 Qxe1+ 30. Kh2 Qe5+ 31. g3 Qxa5 32. Rf3 Qd8 33. h4 e5 34. h5 gxh5 35. Qe3 Kg7 36. Rf5 Qe8 37. f4 Qg6 38. Qe4 Rf7 39. Rxf7+ Kxf7 40. Qb4 b5 41. fxe5 Qc2+ 42. Kg1 Qd1+ 43. Kf2 Qd2+ 44. Kf1 Qd3+ 45. Kf2 Qf5+ 46. Kg2 Qxe5 47. Qh4 Qd5+ 48. Kg1 Qd1+ 49. Kg2 Qd2+ 50. Kh3 Qg5 0-1

[Event "Titled Tuesday intern op 30th Mar"]
[Site "Chess.com INT"]
[Date "2021.03.30"]
[Round "8"]
[White "Seliverstov, Vladimir"]
[Black "Andreikin, Dmitry"]
[Result "0-1"]
[WhiteElo "2462"]
[BlackElo "2725"]
[PlyCount "80"]
[EventDate "2021.03.30"]
[EventType "swiss (blitz)"]
[EventRounds "11"]
[EventCountry "USA"]
[SourceTitle "CBM 201 Extra"]
[Source "ChessBase"]
[SourceDate "2021.05.31"]
[SourceVersion "1"]
[SourceVersionDate "2021.05.31"]
[SourceQuality "1"]

1. d4 Nf6 2. Nf3 e6 3. g3 b5 4. Bg2 Bb7 5. 0-0 c5 6. a4 b4 7. a5 Na6 8. c4 bxc3 9. Nxc3 Be7 10. Qb3 Rb8 11. Qc4 0-0 12. Bf4 d5 13. Qa4 Bd6 14. Bxd6 Qxd6 15. Nb5 Qe7 16. Nxa7 Ra8 17. Nb5 Bc6 18. Ne5 Be8 19. dxc5 Qxc5 20. Qa3 Qxb5 21. Qe7 Qb4 22. Qxb4 Nxb4 23. Rfc1 Bb5 24. Bf1 Ra7 25. Rc5 Rb8 26. Rac1 g5 27. Rc7 Rbb7 28. Rxb7 Rxb7 29. Rc8+ Kg7 30. Ra8 Nc6 31. a6 Rc7 32. Nxc6 Bxc6 33. Rb8 Nd7 34. Rb3 Kf6 35. e3 Ke7 36. f4 gxf4 37. gxf4 Kd6 38. Bd3 Nc5 39. Ra3 Nxd3 40. Rxd3 Ra7 0-1

[Event "Titled Tuesday intern op 30th Mar"]
[Site "Chess.com INT"]
[Date "2021.03.30"]
[Round "3"]
[White "Seliverstov, Vladimir"]
[Black "Spyropoulos, Nikolaos"]
[Result "1-0"]
[WhiteElo "2462"]
[BlackElo "2425"]
[PlyCount "105"]
[EventDate "2021.03.30"]
[EventType "swiss (blitz)"]
[EventRounds "11"]
[EventCountry "USA"]
[SourceTitle "CBM 201 Extra"]
[Source "ChessBase"]
[SourceDate "2021.05.31"]
[SourceVersion "1"]
[SourceVersionDate "2021.05.31"]
[SourceQuality "1"]

1. d4 Nf6 2. c4 e6 3. g3 Bb4+ 4. Nd2 0-0 5. Bg2 c5 6. dxc5 Nc6 7. Nh3 Bxc5 8. Nf4 b6 9. 0-0 Bb7 10. b3 e5 11. Nd5 Nxd5 12. Bxd5 Qc7 13. Bb2 Bd4 14. Bxd4 Nxd4 15. Bxb7 Qxb7 16. e3 Ne6 17. Qf3 Qc7 18. Ne4 Qc6 19. Qg2 f5 20. Nc3 e4 21. Nd5 Rae8 22. Rfd1 Ng5 23. h4 Nf3+ 24. Kh1 Re6 25. Qh3 Kh8 26. Kg2 Rh6 27. Kf1 b5 28. Rac1 Rd6 29. Kg2 bxc4 30. Rxc4 Qa8 31. Rc5 Rc6 32. Rxc6 Qxc6 33. g4 Qe6 34. Nf4 Qc6 35. gxf5 Qc2 36. Rf1 d5 37. Qg4 d4 38. Ne6 Rf7 39. Ng5 Nxg5 40. Qxg5 h6 41. Qd8+ Kh7 42. Qd5 Rf6 43. exd4 Qd3 44. Qe5 Qf3+ 45. Kh2 Rxf5 46. Qg3 Qe2 47. Kg1 Rf6 48. Qh3 Rg6+ 49. Kh1 Rf6 50. Qg2 Rg6 51. Qh3 Rf6 52. Rg1 Rxf2 53. Qg3 1-0